The encyclopedia of records retention by Clark / (Record no. 99180)

MARC details
000 -LEADER
fixed length control field 00625nam a2200205Ia 4500
008 - FIXED-LENGTH DATA ELEMENTS--GENERAL INFORMATION
fixed length control field
040 ## - CATALOGING SOURCE
Original cataloging agency MAIN
Transcribing agency NUST
090 ## - LOCALLY ASSIGNED LC-TYPE CALL NUMBER (OCLC); LOCAL CALL NUMBER (RLIN)
Classification number (OCLC) (R) ; Classification number, CALL (RLIN) (NR) REF KF1357.5
Local cutter number (OCLC) ; Book number/undivided call number, CALL (RLIN) CLA
003 - CONTROL NUMBER IDENTIFIER
control field
005 - DATE AND TIME OF LATEST TRANSACTION
control field 20230120153125.0
049 ## - LOCAL HOLDINGS (OCLC)
Holding library MAIN
100 1# - MAIN ENTRY--PERSONAL NAME
Personal name Clark, Jesse L.
245 14 - TITLE STATEMENT
Title The encyclopedia of records retention by Clark /
Statement of responsibility, etc. [by] Jesse L. Clark.
250 ## - EDITION STATEMENT
Edition statement Rev. 1990.
260 ## - PUBLICATION, DISTRIBUTION, ETC.
Place of publication, distribution, etc. Englewood CLiffs :
Name of publisher, distributor, etc. The Records Management Group,
Date of publication, distribution, etc. c1971.
300 ## - PHYSICAL DESCRIPTION
Extent 1 v. (various paging) ;
Dimensions 28 cm.
650 #0 - SUBJECT ADDED ENTRY--TOPICAL TERM
Topical term or geographic name entry element Business records.
907 ## - LOCAL DATA ELEMENT G, LDG (RLIN)
a .b10299981
b 19-08-11
c 12-07-11
942 ## - ADDED ENTRY ELEMENTS (KOHA)
Koha item type Ordinary Loan Books
Call number prefix REF KF1357.5
Call number suffix CLA
Holdings
Date last seen Total Checkouts Full call number Barcode Cost, replacement price Price effective from Koha item type Lost status Source of classification or shelving scheme Damaged status Not for loan Collection Withdrawn status Home library Current library Shelving location Date acquired Cost, normal purchase price
01/20/2023   REF KF1357.5 CLA 92004023001 80.00 01/20/2023 3HOUR   LCC     NFIC   MAIN MAIN GEN 01/20/2023 80.00